000 00284nam a2200097Ia 4500
082 _aLP AF IDIN
245 0 _aGevind: 'n baba voor Kersfees
100 _a IDING, Laura Parklands, 2009 Afrikaanse uitg
_993115
942 _cBK
008 210817s9999 xx 000 0 und d
999 _c425813
_d425812